[Event "Moscow Aeroflot op-A 10th"]
[Site "Moscow"]
[Date "2011.02.09"]
[Round "2"]
[White "Le, Quang Liem"]
[Black "Xiu, Deshun"]
[Result "1-0"]
[WhiteElo "2664"]
[BlackElo "2508"]
[Annotator "Le Quang Liem"]
[PlyCount "91"]
[EventDate "2011.02.08"]
[EventType "swiss"]
[EventRounds "9"]
[EventCountry "RUS"]
[SourceTitle "CBM 141"]
[Source "ChessBase"]
[SourceDate "2011.03.17"]
[SourceVersion "1"]
[SourceVersionDate "2011.03.17"]
[SourceQuality "1"]

{We met in the second round. My opponent is a young Chinese player who has no
title but a rating of 2508.} 1. d4 Nf6 2. Nf3 d5 3. c4 e6 4. Nc3 Bb4 {The
Ragozin Defence, quite a popular opening at high level. Recently theory has
been developing deeply in the main line thanks to the efforts of some top GMs.}
5. Bg5 h6 ({Also playable is} 5... Nbd7) 6. Bxf6 Qxf6 7. e3 O-O 8. Be2 (8. Qb3
c5 9. cxd5 exd5 10. dxc5 Bxc3+ 11. Qxc3 Qxc3+ 12. bxc3 Be6 {looks very drawish
to me.}) 8... dxc4 9. O-O Qe7 (9... Bxc3 10. bxc3 b5 11. a4 c6 {keeps the pawn,
but gives White the initiative} 12. Ne5 $14) (9... c5 10. Ne4 {is more
complicated.}) 10. Bxc4 c5 {An interesting new move. Black tries to undermine
White's centre immediately. Here I started to spend some time looking for a
good plan.} 11. a3 ({There is the tempting looking but not very good} 11. d5
Rd8 (11... Bxc3 12. d6 $1 Qd7 13. bxc3 Rd8 14. Ne5 Qxd6 15. Qxd6 Rxd6 16. Rfd1
$14) 12. Qb3 Bxc3 13. bxc3 exd5 14. Bxd5 Nc6 {when Black equalises completely.}
) 11... cxd4 12. exd4 (12. axb4 dxc3 13. bxc3 b6 14. Be2 Bb7 {should be fine
for Black.}) 12... Bxc3 (12... Bd6 13. Re1 {is a little bit better for White
because of his active pieces and space advantage.}) 13. bxc3 {The position is
approximately equal. White is slightly ahead in development, but Black is very
solid.} Qc7 $5 {Black wants to arrange his pieces as follows: Nd7, b6, Bb7,
Rac8, Rfd8. If Black can manage to do that, then he can be very comfortable.
His minor pieces will control the centre while his major pieces can attack
White's weak pawns on a3 and c3. So White has to do something concrete before
Black accomplishes his plan.} 14. Qe2 Nd7 15. Rad1 $5 {It seems unnatural to
place the rook here (usually White puts his rooks on c1 and d1), but it is
aimed directly against Black's next move. As I said earlier, I felt that White
should do something actively before Black gets his optimal piece arrangement.}
({The problem with} 15. Rfd1 {is that after} b6 16. d5 exd5 17. Bxd5 Bb7 18.
Qe7 $2 Bxd5 19. Rxd5 Qxc3 {White's rook is hanging.}) 15... b6 $6 {My opponent
follows his own plan, perhaps underestimating White's possibilities.} ({
Black can have a pawn} 15... Nb6 16. Bb3 Qxc3 17. Rd3 {but White will enjoy
compensation with attacking chances on the kingside.}) 16. d5 exd5 17. Bxd5 Rb8
({The best defence is} 17... Bb7 18. Qe7 Rad8 19. Rfe1 $5 ({The computer gives
} 19. Ba2 {but I think after} Bxf3 20. gxf3 Kh8 21. Bxf7 Qc8 22. Bg6 (22. Be6
Rde8 23. Qd6 Rf6 24. Rfe1 Qxc3 25. Qxd7 Rg6+ 26. Kf1 Rgxe6 $11) 22... Nf6 {
Black has good drawing chances.}) 19... Bxd5 20. Rxd5 Qb7 21. c4 Nc5 22. Qxd8
Rxd8 23. Rxd8+ Kh7 {White is maybe slightly better. Practically it is only
White who can win this.}) 18. Qe7 {Paralysing Black's pieces. White needs to
stop Black activating his knight, otherwise Black will have no problem
whatsoever.} Qxc3 19. Be4 $5 Qc5 {Black is forced to give his minor pieces for
White's rook.} (19... Nc5 $2 {falls to} 20. Bh7+) (19... Qc7 20. h3 Qd8 21. Qd6
{and Black has no useful moves.}) (19... Ba6 20. Qxd7 Bxf1 21. Rxf1 {
transposes to the game.}) 20. Rxd7 Bxd7 21. Qxd7 {Generally speaking, this
position is not lost for Black, but it is unpleasant to play it. White's minor
pieces outweigh Black's rook. Black has to play very accurately to hold this,
but it is not an easy task.} Qxa3 $6 ({Correct is} 21... Rbe8 22. Bb1 Qxa3 23.
Qf5 g6 24. Qf4 h5 25. Qh6 Qc3) 22. Bd5 {Threatening Ne5. White has to attack
Black's king.} (22. Ne5 $1 {is stronger:} Qc3 23. Qf5 g6 24. Qf6 $1 {(I failed
to see this move)} Rbe8 25. Nd7 Qxf6 26. Nxf6+ Kg7 27. Nxe8+ Rxe8 28. Bd3 {
, where it seems to be a technical win for White.}) (22. Qf5 {is too early
because of} g6 23. Qf4 h5 24. Qf6 Rbd8 25. Bxg6 Qd6 $1 (25... Rd6 26. Qe7) (
25... fxg6 26. Qxg6+ Kh8 27. Qxh5+ Kg8 28. Qg6+ Kh8 29. Ng5 Qe7 30. Ne6 $16)
26. Qxd6 Rxd6 27. Bxh5 a5 {Black's pawns might be dangerous.}) 22... Rbd8 $2 (
22... Qc3 {is more tenacious, but naturally Black does not want to give up his
pawn, as that is his hope in endgame.} 23. Qxa7 Rbd8 24. Qb7 $14) 23. Bxf7+ Kh8
24. Qb7 {I wanted to improve the position of my queen first. Anyway Black is
helpless against the threat Nf3-e5 (h4)-g6} (24. Qf5 {is more direct} Qd3 (
24... Qe7 25. Ne5 Rd6 26. Re1 $1) 25. Qxd3 Rxd3 26. Ne5 Rxf7 27. Nxd3 $18)
24... Rb8 (24... Qd6 25. Nh4 Rd7 $2 26. Qxd7 $1 {is one of the lovely tactics.}
) 25. Qd5 Rbd8 26. Qh5 $18 Rd7 27. Ne5 Rdxf7 28. Nxf7+ Kg8 29. Ne5 {The attack
was successful. Now White is a piece up and totally winning. The rest is
simple: White only has to slowly improve his pieces, bring the rook into
action and collect Black's pawns on the queenside.} Qc5 30. h3 b5 31. Qe2 Re8
32. Qa2+ Kh7 33. Nd7 Qf5 34. Qxa7 b4 35. Qd4 Rd8 36. Rd1 Kh8 37. g4 Qc2 (37...
Qe6 38. Qxb4 Rxd7 39. Rxd7 Qxd7 40. Qf8+ Kh7 41. Qf5+ Qxf5 42. gxf5 {This pawn
endgame is won for White.}) 38. Re1 b3 39. Nf6 Qc7 40. Qe3 Qc6 (40... gxf6 41.
Qxh6+ Kg8 42. Qxf6 Rf8 43. Qg6+ Qg7 44. Qb6 b2 45. Qb3+ Kh8 46. Rb1 $18) 41.
Nh5 b2 42. Qe5 Qb7 43. Rb1 Rd2 44. Qc3 Rd5 (44... Re2 45. Ng3) 45. Qxg7+ {
Simple enough.} (45. Qf3 {is also winning, but I chose the most human move.})
45... Qxg7 46. Nxg7 {This rook endgame with two pawns down is totally lost.
Therefore, Black resigned.} 1-0

[Event "CRO-ch 12th"]
[Site "Opatija"]
[Date "2012.01.17"]
[Round "1"]
[White "Kuljasevic, Davorin"]
[Black "Sulava, Nenad"]
[Result "1-0"]
[WhiteElo "2569"]
[BlackElo "2514"]
[Annotator "Let's Check"]
[PlyCount "63"]
[EventDate "2012.01.17"]
[EventType "tourn"]
[EventRounds "11"]
[EventCountry "CRO"]
[EventCategory "13"]
[SourceTitle "CBM 147"]
[Source "ChessBase"]
[SourceDate "2012.03.16"]
[SourceVersion "1"]
[SourceVersionDate "2012.03.16"]
[SourceQuality "1"]

1. d4 d5 2. c4 e6 3. Nc3 Bb4 4. Nf3 Nf6 5. cxd5 exd5 6. Bg5 h6 7. Bh4 c5 8. e3
g5 9. Bg3 Ne4 10. Rc1 c4 11. Be2 Qa5 12. Ne5 Nc6 13. O-O Nxg3 14. hxg3 Nxe5 15.
dxe5 Be6 16. a3 Bxc3 17. Rxc3 O-O-O 18. Qd2 Kb8 19. b3 h5 20. Qd4 h4 21. g4 Rc8
22. Rd1 cxb3 23. Rxb3 Rc2 24. Bd3 Rc7 25. Bf1 Qc5 26. Qb2 Bxg4 27. e6 Rd8 28.
Rb1 b6 29. exf7 Bf5 $2 (29... Rf8 30. Rb5 Qe7 $11) 30. Qf6 $18 Bxb1 31. Qxd8+
Rc8 32. f8=Q 1-0

[Event "Danzhou 3rd"]
[Site "Danzhou"]
[Date "2012.06.04"]
[Round "6"]
[White "Ding, Liren"]
[Black "Hou, Yifan"]
[Result "1-0"]
[WhiteElo "2679"]
[BlackElo "2623"]
[Annotator "Let's Check"]
[PlyCount "99"]
[EventDate "2012.05.29"]
[EventType "tourn"]
[EventRounds "9"]
[EventCountry "CHN"]
[EventCategory "16"]
[SourceTitle "CBM 149"]
[Source "ChessBase"]
[SourceDate "2012.07.17"]
[SourceVersion "1"]
[SourceVersionDate "2012.07.17"]
[SourceQuality "1"]

1. Nf3 Nf6 2. c4 e6 3. Nc3 d5 4. d4 Bb4 5. cxd5 exd5 6. Bg5 Nbd7 7. e3 c5 8.
Be2 Qa5 9. O-O Bxc3 10. bxc3 c4 11. Qc2 Ne4 12. Rac1 Nb6 13. Bf4 O-O 14. Ne5
Re8 15. f3 Nd6 16. e4 Be6 17. Ng4 Nb5 18. Ne3 Rad8 19. Bg3 Qa3 20. Qd2 f6 21.
e5 fxe5 22. Bxe5 Nd7 23. f4 Nxe5 24. fxe5 Rf8 25. Rxf8+ Rxf8 26. Bf3 Nc7 27.
Rb1 b5 28. Qb2 Qxb2 29. Rxb2 a5 30. a4 Rb8 $6 (30... bxa4 31. Ra2 Nb5 $11) 31.
axb5 $16 Rxb5 32. Ra2 $1 Kf8 33. Kf2 Ke7 34. Ke1 Na8 $2 (34... g6 35. Bd1 Na8
$16) 35. Nxc4 $1 $18 dxc4 36. Bxa8 Kd7 37. Be4 g6 38. Kd2 Bf5 39. Bxf5+ gxf5
40. Kc2 Kc6 41. Rb2 Rd5 42. Rb8 a4 43. Ra8 Rb5 44. Rxa4 Kd5 45. Ra6 Rb7 46.
Rd6+ Ke4 47. e6 Rg7 48. g3 f4 49. Rd7 Rg8 50. e7 1-0

[Event "EU-ch 13th"]
[Site "Plovdiv"]
[Date "2012.03.28"]
[Round "8"]
[White "Rodshtein, Maxim"]
[Black "Swiercz, Dariusz"]
[Result "1-0"]
[WhiteElo "2652"]
[BlackElo "2565"]
[Annotator "Let's Check"]
[PlyCount "163"]
[EventDate "2012.03.20"]
[EventType "swiss"]
[EventRounds "11"]
[EventCountry "BUL"]
[SourceTitle "CBM 148"]
[Source "ChessBase"]
[SourceDate "2012.05.16"]
[SourceVersion "1"]
[SourceVersionDate "2012.05.16"]
[SourceQuality "1"]

1. Nf3 d5 2. d4 Nf6 3. c4 e6 4. Nc3 Bb4 5. Bg5 h6 6. Bxf6 Qxf6 7. Qa4+ Nc6 8.
e3 O-O 9. Be2 a6 10. Qb3 dxc4 11. Qxc4 Bd6 12. O-O Bd7 13. Ne4 Qe7 14. Rac1
Rfc8 15. Rfd1 Nd8 16. Qc2 Bc6 17. Ned2 Bb5 18. Ne4 Nc6 19. a3 Nb8 20. Bxb5 axb5
21. d5 Na6 22. dxe6 Qxe6 23. Nd4 Qd7 24. Nxd6 cxd6 25. Qb3 Rxc1 26. Rxc1 Rc8
27. Rd1 Rc5 28. h3 Nc7 29. Qd3 Rg5 30. f4 Rc5 31. Kh2 g6 32. Qe4 Ne8 33. Nb3
Rc4 34. Qd3 Qe7 35. Nd2 Rc6 36. Ne4 h5 37. Nc3 Nc7 38. e4 Qf6 39. f5 Qe5+ 40.
Kh1 Kg7 41. Rf1 Rc5 42. Qf3 Qf6 43. Ne2 Re5 44. Nf4 Ne8 45. Qg3 Kh7 46. Nd5 Qg7
47. Qd3 gxf5 48. exf5 Nf6 49. Nc3 d5 50. Nxb5 Ne4 51. Kh2 Re8 52. Nc3 Qe5+ 53.
Kg1 Nxc3 54. bxc3 Qe3+ 55. Qxe3 Rxe3 56. Rb1 Rxc3 57. Rxb7 Kg7 58. a4 Ra3 59.
Rb4 Kf6 60. Kf2 Kxf5 61. Rh4 Ke6 62. Ke2 f5 63. Kd2 Ke5 64. Rxh5 Ke4 65. g4 f4
66. Rh8 Ra2+ 67. Ke1 Kf3 68. g5 Kg2 69. g6 f3 70. Rf8 Re2+ $4 (70... f2+ 71.
Rxf2+ Rxf2 $11) 71. Kd1 $18 Re7 72. h4 f2 73. h5 Rg7 74. Ke2 Re7+ 75. Kd3 f1=Q+
76. Rxf1 Kxf1 77. h6 Kf2 78. g7 Re3+ 79. Kd4 Rg3 80. a5 Kf3 81. a6 Rg4+ 82.
Kxd5 1-0

[Event "RUS-chT 04th"]
[Site "Azov"]
[Date "1996.??.??"]
[Round "2"]
[White "Galliamova, Alisa"]
[Black "Muhutdinov, Marat"]
[Result "1-0"]
[WhiteElo "2475"]
[BlackElo "2440"]
[Annotator "Makarichev,S"]
[PlyCount "73"]
[EventDate "1996.??.??"]
[EventType "team-tourn"]
[EventRounds "7"]
[EventCountry "RUS"]
[SourceTitle "CBM 056 Extra"]
[Source "ChessBase"]
[SourceDate "1997.03.01"]
[SourceVersion "1"]
[SourceVersionDate "1997.03.01"]
[SourceQuality "1"]
[WhiteTeam "Kazan Sberbank-Tatarstan II"]
[BlackTeam "Kazan Sberbank-Tatarstan"]
[WhiteTeamCountry "RUS"]
[BlackTeamCountry "RUS"]

1. d4 e6 2. Nf3 d5 3. c4 Nf6 4. Nc3 Bb4 5. Bg5 h6 6. Bxf6 Qxf6 7. Qb3 c5 8.
cxd5 exd5 9. e3 (9. dxc5 $5 Bxc3+ 10. bxc3 Qc6 (10... O-O 11. Nd4 $5 $14 {
Uhlmann,W-Dizdar,G/Stary Smokovec/1985/}) 11. Rd1 Be6 12. Nd4 Qxc5 13. e4 $1
$16 {Makarychev,S-Dzalilov,F/Moskow/1983/}) 9... O-O 10. dxc5 Bxc3+ 11. bxc3
Qc6 (11... Nd7 $5 12. Nd4 Nxc5 13. Qxd5 $14) (11... Na6 12. Bxa6 Qxa6 13. Nd4
Bd7 14. Kd2 $1 Rfc8 15. Rhb1 Rab8 (15... Rxc5 $2 16. Qxb7 $16) 16. Qxd5 Bc6 17.
Qf5 $16) 12. Qb5 $8 (12. Rd1 $6 Be6 13. Nd4 Qxc5 14. Be2 Nc6 $10) 12... Qc7 13.
Nd4 $14 b6 (13... Bd7 $5 14. Qb4 Nc6 15. Nxc6 Qxc6 16. Be2 Rfc8 17. Rb1 Rab8
18. Bb5 Qxb5 19. Qxb5 Bxb5 20. Rxb5 a6 21. Ra5 b6 $1 22. Rxa6 bxc5 (22... Rxc5
23. Kd2 $16) 23. O-O Rb2 24. g3 Rc2 25. Rd1 Rxc3 26. Rxd5 Rc1+ 27. Kg2 c4 $14)
14. c6 $1 (14. cxb6 $4 Qxc3+ $19) 14... Bd7 (14... Ba6 $2 15. Qxd5 $16) 15.
Qxd5 (15. cxd7 $4 Qxc3+ 16. Ke2 Qxa1 17. Qxd5 Nxd7 $17) 15... Bxc6 (15... Nxc6
16. Nb5 $16) 16. Qf5 $5 (16. Nxc6 $5 Nxc6 17. Be2 Rfd8 18. Qc4 $16 Rac8 19. O-O
Na5 20. Qa6 (20. Qxc7 Rxc7 $10) 20... Rd2 $14) 16... Nd7 (16... Be4 $2 17. Qxe4
Qxc3+ 18. Ke2 $18) 17. Rc1 Nc5 18. Nxc6 $1 Qxc6 19. Bc4 $1 Qa4 $5 (19... Qxg2
$4 20. Bd5 Qg5 21. Qxg5 hxg5 22. Bxa8 Nd3+ 23. Kd2 Nxc1 24. Bd5 Rd8 25. e4 Nxa2
26. Ra1 $18) 20. Bd5 Qa6 $5 21. Bxa8 Nd3+ (21... Rxa8 $6 22. Qd5 Rc8 23. c4 $16
{/\24.0-0}) 22. Kd2 Nxc1 23. Bd5 $1 $16 Nxa2 24. Ra1 Rd8 25. Ke1 $1 {xd3} (25.
Qxf7+ $2 Kh8 26. Ke1 Qd3 $15) 25... Qa3 $8 26. Qxf7+ Kh8 27. Rxa2 Qxc3+ 28. Rd2
$5 (28. Ke2 $16) 28... a5 29. Ke2 a4 30. g4 $1 a3 31. g5 $1 $18 Qxd2+ $5 32.
Kxd2 a2 33. Qa7 Rxd5+ 34. Kc2 Rc5+ (34... Ra5 35. Qb8+ Kh7 36. g6+ Kxg6 37.
Qxb6+ Kh7 38. Qxa5 $18) 35. Kb2 Ra5 36. Qb8+ Kh7 37. g6+ (37. g6+ Kxg6 38.
Qxb6+ $18) 1-0

[Event "EU-ch 12th"]
[Site "Aix les Bains"]
[Date "2011.03.27"]
[Round "6"]
[White "Nielsen, Peter Heine"]
[Black "Palac, Mladen"]
[Result "1/2-1/2"]
[WhiteElo "2670"]
[BlackElo "2586"]
[Annotator "Marchand,A/Primel,D"]
[PlyCount "53"]
[EventDate "2011.03.22"]
[EventType "swiss"]
[EventRounds "11"]
[EventCountry "FRA"]
[SourceTitle "CBM 142 Extra"]
[Source "ChessBase"]
[SourceDate "2011.06.27"]
[SourceVersion "1"]
[SourceVersionDate "2011.06.27"]
[SourceQuality "1"]
[TimeControl "40/5400+30:1800+30"]

1. d4 Nf6 2. c4 e6 3. Nf3 d5 4. Nc3 Bb4 5. cxd5 {92} exd5 {92} 6. Bg5 h6 7. Bh4
c5 8. e3 g5 9. Bg3 Ne4 10. Rc1 {94} c4 {78} 11. Be2 Qa5 12. Ne5 ({RR} 12. O-O
Bxc3 13. bxc3 Nxc3 14. Rxc3 Qxc3 15. Ne5 O-O 16. Bh5 Be6 17. Bg6 Nd7 18. Nxd7
Bxd7 19. Qh5 Rae8 20. Bb1 Re6 21. h4 Ba4 22. hxg5 Bc2 23. gxh6 Bxb1 24. Rxb1 b6
25. Bf4 Qd3 26. Rc1 c3 {Riazantsev,A (2674)-Onischuk,A (2699)/Poikovsky 2010/
CBM 137/1/2-1/2 (33)}) 12... Nc6 13. O-O Bxc3 14. bxc3 Nxc3 {Une nouveauté
jouée 04 jours plus tôt!} (14... Bf5 15. Bg4 Ne7 $6 {Ding,L (2664)-Ni Hua 
(2661) Shenzhen Celebrity 1st rapid 2011 (7) 0-1} (15... Bxg4 $142 16. Qxg4 {
[%csl Rf7][%cal Gg4f5]})) (14... O-O) 15. Rxc3 {89} (15. Qc2 $5 $146 {[%cal
Gc2a2] Le sacrifice de qualité n'était pas forcément indispensable} Nxe2+ (
15... Nxa2 $2 16. Nxf7 Nxc1 17. Rxc1 Kxf7 18. Bh5+ Ke7 (18... Kg7 19. Qg6+) 19.
Qg6) (15... Ne4 16. Nxc4 {[%csl Ra5,Re4]}) 16. Qxe2 Nxe5 (16... Be6 17. e4 $1 {
[%cal Ge2e8]} Nxd4 18. Qe3 Nc6 (18... Qb6 19. exd5) 19. exd5 Qxd5 20. Rfd1 {
[%csl Re8]}) 17. Bxe5 O-O 18. f4 {[%csl Rg5,Rg8,Rh6][%cal Ge2h5]} g4 19. f5 $1
{[%csl Rc8][%cal Gh2h3] Coupant le B de la défense de l'aile-roi} h5 20. h3 $1
{[%csl Ra5] Avec un gros retard de développement et une Qa5 hors-jeu,
l'attaque Blanche est trés forte} f6 $1 21. hxg4 $5 (21. Bd6 Rf7 22. hxg4 Qd8
23. Bf4 Rg7 24. e4 Rxg4 25. e5) (21. Bg3 Bd7 22. hxg4 Qa3 (22... hxg4 23. Qxg4+
) 23. gxh5 Rae8 24. Bf4 Bxf5 25. Bh6 Rf7 26. Rxf5 Qxc1+ 27. Kh2 Kh7 28. Qf3
Kxh6 29. Rxf6+ Rxf6 30. Qxf6+ Kxh5 31. Qf5+ {Forçant la nulle}) 21... fxe5 22.
dxe5 $44 (22. gxh5 Bxf5 23. Rxf5) 22... Qc7 23. e6 Qe5 24. e4 $3 Bxe6 $1 {
Les Noirs doivent rendre du matériel pour soulager la défense} (24... Rf6 25.
g5) (24... dxe4 25. Qxc4 {[%cal Ge6e7,Gc4g8]}) (24... hxg4 $6 25. Qxg4+) 25.
fxe6 Qxe6 26. Qd2 {[%cal Gd2g5]} hxg4 27. Qg5+ Kh7 28. Rb1 b6 29. exd5 $36 {
[%csl Rh7]}) 15... Qxc3 {34 Les Noirs sont en grand retard а la pendule} 16.
Bh5 O-O 17. Bxf7+ $146 (17. Qf3 {[%csl Rf7] Ramène une pièce supplémentaire en
attaque} Nd8 (17... Kg7) (17... Be6 18. Qf6 {[%csl Rh6]} Kh7 19. Bg6+ $1) (
17... Nxe5 18. Bxe5 {[%cal Gf3f6]} Qd3 19. Qf6 Qh7 20. f4 {[%csl Gf1]}) 18. Qf6
Qc2 19. Ng4 {Topalov,V (2775)-Aronian,L (2808) Amber-blindfold 20th rapid 2011
(10) 0-1}) 17... Rxf7 18. Nxf7 Kxf7 19. Qf3+ Kg7 20. Qxd5 Qd3 {Les Noirs
n'avaient plus que 06 mns pour passer le contrôle de temps} 21. Be5+ {[%csl
Rg7]} Nxe5 22. Qxe5+ Kg8 23. Qe8+ (23. f4 {[%csl Gf1] Plus risqué mais
probablement jouable pour les Blancs afin d'activer la R} Qg6 $1 24. fxg5 Bg4
$1 25. gxh6 Re8 26. Qd5+ Be6 27. Qxb7 Qxh6 28. Rf3 {[%cal Gf3g3]} Kh8 (28... c3
29. Rg3+ Kh8 30. Qc7 Rg8 (30... Rc8 31. Qe5+) 31. Rxg8+ Kxg8 32. Qxc3 $11) 29.
d5) 23... Kg7 24. Qe7+ Kg8 25. Qe8+ Kg7 26. Qe7+ Kg8 27. Qe8+ 1/2-1/2

[Event "EU-ch 12th"]
[Site "Aix les Bains"]
[Date "2011.03.23"]
[Round "2"]
[White "Cmilyte, Viktorija"]
[Black "Pashikian, Arman"]
[Result "1/2-1/2"]
[WhiteElo "2526"]
[BlackElo "2642"]
[Annotator "Marchand,A/Primel,D"]
[PlyCount "73"]
[EventDate "2011.03.22"]
[EventType "swiss"]
[EventRounds "11"]
[EventCountry "FRA"]
[SourceTitle "CBM 142 Extra"]
[Source "ChessBase"]
[SourceDate "2011.06.27"]
[SourceVersion "1"]
[SourceVersionDate "2011.06.27"]
[SourceQuality "1"]
[TimeControl "40/5400+30:1800+30"]

1. d4 Nf6 2. c4 e6 3. Nf3 d5 4. Nc3 Bb4 5. cxd5 exd5 6. Bg5 h6 (6... Nbd7 7. e3
c5 8. dxc5 Qa5 (8... O-O 9. Rc1 Nxc5 (9... Qa5) 10. Qd4 Bxc3+ 11. Qxc3 Nce4 12.
Bxf6) 9. Rc1 O-O 10. Nd2) 7. Bxf6 (7. Bh4 c5 8. e3 g5 9. Bg3 Ne4 $132 (9... c4)
) 7... Qxf6 8. Qb3 c5 {[%emt 0:01:28]} 9. e3 O-O 10. a3 Bxc3+ 11. Qxc3 Nd7 {
[%emt 0:01:12]} ({RR} 11... b6 12. Be2 Nc6 13. Bb5 Ne7 14. dxc5 Qxc3+ 15. bxc3
bxc5 16. Ke2 Be6 17. Rhb1 Rfb8 18. a4 f6 19. Bd3 Kf7 20. Kd2 Nc8 21. Rb5 Rxb5
22. axb5 Rb8 23. Nh4 Rb7 24. Ra6 Bd7 25. Nf5 Rb6 26. Ra5 {Gajewski,G (2577)
-Morozevich, A (2787)/Dresden 2008/CBM 128/1/2-1/2 (56)}) 12. Be2 a6 {[%emt 0:
01:02]} ({RR} 12... c4 13. b3 cxb3 14. Qxb3 Qd6 15. Qb4 Qb8 16. O-O Nf6 17.
Rfc1 Bg4 18. Rab1 Bf5 19. Rb3 Rc8 20. Rxc8+ Bxc8 21. Qe7 Bd7 22. Ne5 Qe8 23.
Qxe8+ Bxe8 24. Rxb7 Rc8 25. f3 a5 26. Bb5 Rc3 27. a4 {Miles,A (2560)-Silman,J 
(2370)/Lone Pine 1979/MCL/[ChessBase]/1-0 (39)}) ({RR} 12... b6 13. O-O Bb7 14.
Rac1 c4 15. a4 {1/2-1/2 Iturrizaga Bonelli,E (2528)-Cornette,M (2573)/Salou
2009/ CBM 130 Extra}) 13. O-O b6 14. b3 Bb7 15. Rfc1 Rfc8 16. dxc5 bxc5 $146 (
16... Qxc3 {Vasquez,R (2445)-Mitkov,N (2515) Elista ol (Men) 1998 (11) 1/2})
17. b4 Qxc3 {[%emt 0:00:42]} 18. Rxc3 c4 19. Nd4 g6 {[%emt 0:00:36]} 20. h4 a5
21. Rb1 axb4 22. Rxb4 Nc5 23. h5 Ra4 24. hxg6 fxg6 25. Bg4 Rca8 {[%emt 0:00:18]
} 26. Rxb7 Nxb7 27. Be6+ Kg7 28. Bxd5 R8a7 (28... Rb8) 29. Bc6 R4a5 30. Nb5
R7a6 31. Bxb7 Rb6 32. Be4 Rbxb5 33. Rxc4 Rc5 34. Rb4 Rcb5 {[%emt 0:00:07]} 35.
Rc4 Rc5 36. Rb4 Rcb5 37. Rc4 1/2-1/2

[Event "Norway Chess 2nd"]
[Site "Stavanger"]
[Date "2014.06.04"]
[Round "2"]
[White "Agdestein, Simen"]
[Black "Giri, Anish"]
[Result "1/2-1/2"]
[WhiteElo "2628"]
[BlackElo "2752"]
[Annotator "Marin,M"]
[PlyCount "71"]
[EventDate "2014.06.03"]
[EventType "tourn"]
[EventRounds "9"]
[EventCountry "NOR"]
[EventCategory "21"]
[SourceTitle "CBM 161"]
[Source "ChessBase"]
[SourceDate "2014.07.16"]
[SourceVersion "1"]
[SourceVersionDate "2014.07.16"]
[SourceQuality "1"]

1. d4 Nf6 2. c4 e6 3. Nf3 d5 4. Nc3 Bb4 5. cxd5 exd5 6. Bg5 Nbd7 7. Qa4 c5 8.
dxc5 Bxc3+ 9. bxc3 O-O 10. Qb4 h6 11. Bh4 Re8 12. e3 Re4 13. Qa3 Qe7 14. Be2
$146 (14. Bb5 Nxc5 15. O-O g5 16. Bg3 Bd7 17. Bxd7 Nfxd7 18. Nd4 $14 {1/2-1/2 
(50) Akopian,V (2696)-Alekseev,E (2716) Nalchik 2009}) (14. Bxf6 Nxf6 15. Be2
Bg4 16. Rb1 a6 17. O-O Rc8 18. Qb3 Rc7 19. h3 Bh5 20. c6 b5 $1 {1/2-1/2 (28)
Feller,S (2539)-Palac,M (2571) Le Port Marly 2009}) 14... Nxc5 15. O-O b6 $11
16. Rfd1 $2 g5 $6 ({Black misses an unexpected tactical resource:} 16... Rxh4
$3 17. Nxh4 Nfe4 18. f3 (18. Nf3 Nxf2 $1 $17 19. Kxf2 $2 Ne4+ {[%cal Ge7a3]})
18... Nf2 19. Rxd5 Qxe3 20. Rd8+ Kh7 21. Qc1 Nh3+ 22. Kh1 Qxe2 23. gxh3 Nd3 24.
Qf1 Nf2+ 25. Kg1 Nxh3+ 26. Kh1 Qe3 $36) 17. Bg3 Bg4 18. Rd4 (18. c4 $5 dxc4 19.
h3 Bh5 20. Bd6 Qe6 21. Bxc5 bxc5 22. Qxc5 $14) 18... Re8 19. h3 Bf5 20. Nd2 $6
(20. c4 $1 $14 Rxd4 21. Nxd4 Bg6 22. cxd5 Nxd5 23. Bb5 $36) 20... Rxd4 21. cxd4
Nce4 22. Qxe7 Rxe7 23. Nxe4 Nxe4 24. Bh2 Nc3 $11 25. Bf1 Re6 26. a4 a5 27. Bb8
Rc6 28. Ba7 Bc2 29. Bb5 Re6 30. Rc1 Bxa4 31. Rxc3 Bxb5 32. Rb3 Bc4 33. Rxb6
Rxb6 34. Bxb6 a4 35. Bc5 f5 36. f4 1/2-1/2